Secession:International law perspectives. (Record no. 619196)

MARC details
000 -LEADER
fixed length control field 00470nam a2200157 a 4500
008 - FIXED-LENGTH DATA ELEMENTS--GENERAL INFORMATION
fixed length control field 260408s2026##################000#0#eng##
020 ## - INTERNATIONAL STANDARD BOOK NUMBER
ISBN 9780531849289
082 04 - DEWEY DECIMAL CLASSIFICATION NUMBER
Classification number 341.26 KOH
100 ## - MAIN ENTRY--AUTHOR NAME
Personal name Kohen, Marcelo G
245 10 - TITLE STATEMENT
Title Secession:International law perspectives.
Statement of responsibility, etc /Edited by Marcelo G. Kohen.
260 ## - PUBLICATION, DISTRIBUTION, ETC. (IMPRINT)
Place of publication New york:
Name of publisher Cambridge university press,
Year of publication 2006.
300 ## - PHYSICAL DESCRIPTION
Number of Pages xxxi;510 p.
Dimensions 20 cm.
650 ## - SUBJECT ADDED ENTRY--TOPICAL TERM
Topical Term Social science
942 ## - ADDED ENTRY ELEMENTS (KOHA)
Koha item type English Books
Holdings
Withdrawn status Lost status Damaged status Not for loan Home library Current library Shelving location Date acquired Full call number Accession Number Price effective from Koha item type
        Anna Centenary Library Anna Centenary Library 4TH FLOOR, A WING 08.04.2026 341.26 KOH 240853 08.04.2026 English Books

Find us on the map